Responses for Show #1590 - Friday, June 28, 1991

Contestants

[<< previous game]

George Kane, an editor from Cambridge, Massachusetts

Judy Miller, an advertising executive from Fairfield, Connecticut

Mark Wasley, a computer consultant from Atlanta, Georgia (whose 1-day cash winnings total $17,200)

[next game >>]

Jeopardy! Round responses

WORLD LITERATURE
BEATLES LYRICS
FURNITURE
CATS
BIBLICAL QUOTES
WORDS WITHIN WORDS
    $100 1
Sherlock Holmes

Mark
    $100 6
Sgt. Pepper

Mark
    $100 21
column

George
    $100 24
spayed

Mark
    $100 11
thyself

Mark
    $100 16
cow (in scowl)

Mark
    $200 2
Canada

George
    $200 7
Let it be

Mark
    $200 22
highboy

Mark
    $200 25
catnip

Mark
    $200 12
Sodom

Mark
    $200 17
port (in sporty)

Mark
    $300 3
The Brothers Karamazov

Mark
    $300 8
buy me love

Mark
    $300 23
logs

Mark
    $300 26
Siamese

Mark
    $300 13
Eve

Mark
    $300 18
tent (in potentate)

George
    $400 4
(Mark: What is The Four Horsemen of the Apocalypse)

Blood and Sand

Mark
Triple Stumper
    $400 9
eight days a week

Mark
    $400 29
mirror

Mark
    $400 27
calico

Mark
    $400 14
Solomon

Mark
    $400 19
emu (in demurred)

Mark
    $500 5
India

Mark
    $500 10
(Mark: What is Lucy in the Sky with Diamonds?)

Penny Lane

MarkJudy
    $500 30
oak

Triple Stumper
    $500 28
(Mark: What is Persia?)

Turkey

Mark
    $500 15
[Applause for Mark's run of the category]

death

Mark
    $500 20
cola (in chocolate)

George

Scores at the first commercial break (after clue 15):

Mark Judy George
$2,500 $500 $200

Scores at the end of the Jeopardy! Round:

Mark Judy George
$4,600 $500 $1,100

Double Jeopardy! Round responses

INTERNATIONAL TRIVIA
FROM THE LATIN
NATIONAL FORESTS
MAGAZINES
FRUITS & VEGETABLES
FINAL RESTING PLACES
    $200 14
Africa

George
    $200 23
words

Mark
    $200 19
Tonto

Mark
    $200 1
(Mark: What is Dog Magazine?)

People

MarkGeorge
    $200 11
yams

Mark
    $200 4
Canterbury

Judy
    $400 15
New Zealand

Mark
    $1,000 24
nolo contendere

Mark
    $400 22
Daniel Boone

Judy
    $400 2
slavery

George
    $400 12
(Mark: What is lettuce?)

cabbage

MarkJudy
    $400 5
Valley of the Kings

George
    $600 16
Mexico

Mark
    $600 25
villa

Mark
    $600 28
(George: What is Mississippi?)

Alabama

JudyGeorge
    $600 3
Look

Mark
    $600 13
mangoes

George
    $600 8
Chopin

George
    $800 17
Vancouver

George
    $800 26
in flagrante delicto

Triple Stumper
    $800 29
(Judy: What is Nebraska?)
(George: What is South Dakota?)

Montana

MarkJudyGeorge
    $800 6
video format

George
    $800 20
(George: What are pumpkin?)

rhubarb

George
Triple Stumper
    $800 9
Christina

Mark
    $1000 18
(George: What is St. Martin?)

curaçao

George
Triple Stumper
    $1000 27
tabula rasa

Judy
    $1000 30
South Carolina

George
    $1000 7
Reader's Digest

Judy
    $1000 21
parsnip

Mark
    $1,200 10
(Mark: Who is [*]?)
(Alex: No. [Reacting to judges] Is it [*]? [**], all right.)

Louis-Napoleon (Napoleon III)

Mark

Scores at the end of the Double Jeopardy! Round:

Mark Judy George
$11,600 $3,300 $2,900
(lock game)

[wagering suggestions for these scores]

Final Jeopardy! Round responses

COLONIAL AMERICA
GeorgeWho were?
$2,899
JudyWho were John Smith & Pocahontas?
$3,300
MarkWho were Pochahantas & Rolfe?
$3,600
Pocahontas & John Rolfe

Final scores:

Mark Judy George
$15,200 $0 $1
2-day champion: $32,400 3rd place: Imperial wall coverings & Nintendo Entertainment System with games 2nd place: Mastervoice home automation system & Sanyo VCR

Game dynamics:

Coryat scores:

Mark Judy George
$11,300 $3,300 $2,900
34 R
(including 2 DDs),
5 W
(including 1 DD)
7 R,
1 W
13 R,
4 W

Combined Coryat: $17,500

[game clues] [game scores] [suggest correction]

Game tape date: 1991-03-18
The J! Archive is created by fans, for fans. Scraping, republication, monetization, and malicious use prohibited; this site may use cookies and collect identifying information. See terms. The Jeopardy! game show and all elements thereof, including but not limited to copyright and trademark thereto, are the property of Jeopardy Productions, Inc. and are protected under law. This website is not affiliated with, sponsored by, or operated by Jeopardy Productions, Inc. Join the discussion at JBoard.tv.